Teória vlastníckych práv a možnosti voľby východnej Európy. 1.
Efekty rôznych typov firiem, ktoré boli dlhodobo vyskúšané. Analýza je vymedzená nasledovnými predpokladmi: 1. všetky rozhodnutia v podnikoch robia individuálne subjekty, 2. všetky subjekty majú svoje vlastné súkromné ciele, 3. prevažujúce vlastnícke práva ovplyvňujú správanie subjektov špecifickými...
Salvato in:
| Autore principale: | |
|---|---|
| Natura: | Capitolo di libro |
| Lingua: | slovacco |
| Soggetti: | |
| Tags: |
Nessun Tag, puoi essere il primo ad aggiungerne!!
|
MARC
| LEADER | 00000naa a2200000 4500 | ||
|---|---|---|---|
| 001 | r012487 | ||
| 005 | 20220826094613.4 | ||
| 041 | 0 | |a slo | |
| 044 | |a SK | ||
| 245 | 1 | 0 | |a Teória vlastníckych práv a možnosti voľby východnej Európy. 1. |c S. Pejovich |
| 520 | |a Efekty rôznych typov firiem, ktoré boli dlhodobo vyskúšané. Analýza je vymedzená nasledovnými predpokladmi: 1. všetky rozhodnutia v podnikoch robia individuálne subjekty, 2. všetky subjekty majú svoje vlastné súkromné ciele, 3. prevažujúce vlastnícke práva ovplyvňujú správanie subjektov špecifickými a predvídateľnými spôsobmi. Sovietsky typ firmy, existenčné voľby manažéra, produkčná funkcia firmy. Korporatívna firma (korporácia), vlastnícke právo, ekonomická analýza, možnosti manažérskej voľby. | ||
| 610 | 2 | 0 | |a vlastníctvo |
| 610 | 2 | 0 | |a teórie ekonomické |
| 610 | 2 | 0 | |a rozhodovanie |
| 610 | 2 | 0 | |a podnik socialistický |
| 610 | 2 | 0 | |a funkcie produkčné |
| 610 | 2 | 0 | |a manažéri |
| 610 | 2 | 0 | |a korporácie |
| 610 | 2 | 0 | |a analýza ekonomická |
| 610 | 2 | 0 | |a práva majetkové |
| 610 | 2 | 0 | |a akcionári |
| 610 | 2 | 0 | |a náklady |
| 610 | 2 | 0 | |a odmeňovanie |
| 100 | 1 | |a Pejovich, S. | |